000
00290nam a2200109Ia 4500
008
210430s9999 xx 000 0 und d
082
_a
958.0429 A287N
100
_a
M.E. Ahrari
_9
54628
245
4
_a
The New Great Game in Muslim Central Asia
_c
M.E. Ahrari
300
_a
91
942
_c
BK
_2
ddc
999
_c
565265
_d
565265